La comarca en la reestructuración del territorio... / (Record no. 24100)

MARC details
000 -LEADER
campo de control de longitud fija 00638nam a2200181 i 4500
001 - NÚMERO DE CONTROL
campo de control 24100
003 - IDENTIFICADOR DE NÚMERO DE CONTROL
campo de control ES-MaACL
005 - FECHA Y HORA DE LA ÚLTIMA TRANSACCIÓN
campo de control 20230906153005.0
007 - CAMPO FIJO DE DESCRIPCIÓN FÍSICA--INFORMACIÓN GENERAL
campo de control de longitud fija t|
008 - DATOS DE LONGITUD FIJA--INFORMACIÓN GENERAL
campo de control de longitud fija 021216s1972 sp ||||1| spa d
100 1# - ENTRADA PRINCIPAL--NOMBRE DE PERSONA
Nombre de persona Amat Escandell, Luis.
9 (RLIN) 21139
245 13 - MENCIÓN DEL TÍTULO
Título La comarca en la reestructuración del territorio... /
Mención de responsabilidad, etc. Luis Amat Escandell, Miguel Bueno Gómez, Mario Gaviria Labarta.
260 ## - PUBLICACIÓN, DISTRIBUCIÓN, ETC.
Lugar de publicación, distribución, etc. [Madrid] :
Nombre del editor, distribuidor, etc. Instituto de Estudios de Administracion Local,
Fecha de publicación, distribución, etc. [1972]
300 ## - DESCRIPCIÓN FÍSICA
Extensión 308 p. ;
Dimensiones 24 cm. +
Material acompañante/anejo 6 map. pleg.
700 1# - ENTRADA AGREGADA--NOMBRE PERSONAL
Nombre de persona Bueno Gómez, Miguel.
9 (RLIN) 32396
700 1# - ENTRADA AGREGADA--NOMBRE PERSONAL
Nombre de persona Gaviria, Mario.
9 (RLIN) 56091
852 ## - LOCALIZACIÓN
Ubicación ES-MaACL
Número de control de estantería C-43075
Sublocalización o colección R.82188
Holdings
Estatus retirado Estado de pérdida Estado de daño No para préstamo Biblioteca de origen Biblioteca actual Ubicación en estantería Fecha de adquisición Fuente de adquisición Total de préstamos Signatura topográfica completa Código de barras Visto por última vez Precio de reemplazo Tipo de ítem Koha
        Biblioteca del Ateneo de Madrid Biblioteca del Ateneo de Madrid Depósito 2 17/01/2008     C-43075 1024840 23/02/2023 23/02/2023 Libro impreso